LEADER 01066nam a2200265 i 4500 001 000000134930 003 CaOOAMICUS 005 20050218000000.0 008 050218s1994 it u000 u ita u 013 $a108174 040 $aSeMil$bita 100 1 $aFerri, Edgarda.$0(OLS)http://semarc/name/19804 245 10$aMaria Teresa /$cEdgarda Ferri. 250 $aEd. speciale per "Famiglia Cristiana". 260 $a[S.l.] :$bFamiglia Cristiana,$ccopyr. 1994. 300 $a249 p. ;$c21 cm. 490 0 $aI protagonisti 500 $aSupplemento a "Famiglia Cristiana" n. 20 del 20 maggio 2001. 600 04$aMaria Teresa : d'Austria .$0(OLS)http://semarc/subject/46071 830 2$aI protagonisti.$0(OLS)http://semarc/title/5908 850 $aSeMil 852 $aSeMil$W1$xVenegono$y1$m3V II 106$j88640$B88640$CSeMilBibl$Z2$F93230 $81 961 $aLascito: Garavaglia don Angelo 996 $6245$aMaria Teresa$9(OLS)http://semarc/title/197447 996 $6260$a[S.l.] :$bFamiglia Cristiana$9(OLS)http://semarc/publisher/33580 LEADER 01913nam a2200349 i 4500 001 000000090217 003 CaOOAMICUS 005 20220824104535.0 008 160226s1652 it u000 u lat u 013 $a62459 026 $ao-ma s:at ,&o- sior (3) 1652 (R) 040 $aSeMil$bita 110 2 $aChiesa Cattolica.$0(OLS)http://semarc/name/987 240 10$aOfficium hebdomadae sanctae et Paschatis.$0(OLS)http://semarc/title/136678 245 10$aOfficium hebdomadae sanctae, iuxta formam missalis, & breviarij romani. Cum declarationibus italice sermone à r.d. Ioanne Stringa collectis, & nuperrimè correctis, de licentia superiorum. Et in fine psalmi, poenitentialibus, & orationibus. 264 1$aVenetiis :$bApud Cieras,$c1652$e(Venetiis :$fEx Typographia Cierea,$g1652) 300 $a[6], 516, [2] p. :$bill. ;$c24°. 500 $aCors. ; rom. 500 $aSegn.: A-Y¹² 500 $aFront. e testo stampati in rosso e nero 500 $aVignetta xilogr. su front. in cornice a doppio filetto 650 4$aSettimana Santa - Liturgia romana.$0(OLS)http://semarc/subject/7181 650 4$aLibri liturgici - Breviario romano.$0(OLS)http://semarc/subject/59263 700 1 $aStringa, Giovanni,$d.$0(OLS)http://semarc/name/14387 700 0 $aCiera,$c.$0(OLS)http://semarc/name/40561 850 $aSeMil 852 $aSeMil$W1$xVenegono$y1$m2ZA VII 15 FA$j53193$B53193$CSeMilBibl$Z2$F57818 $8I 910 2 $aSanta Sede. 996 $6245$aOfficium hebdomadae sanctae, iuxta formam missalis, & breviarij romani. Cum declarationibus italice sermone à r.d. Ioanne Stringa collectis, & nuperrimè correctis, de licentia superiorum. Et in fine psalmi, poenitentialibus, & orationibus$9(OLS)http://semarc/title/136121 996 $6264$aVenetiis :$bApud Cieras$9(OLS)http://semarc/publisher/43557